| 000 | 00425nam a2200169Ia 4500 | ||
|---|---|---|---|
| 003 | LK-CoDNM | ||
| 005 | 20230916153832.0 | ||
| 008 | 010623t1854 xxu||||| |||| 00| 1 eng d | ||
| 040 |
_aLK-CoDNM _dLK-CoDNM _eLK-CoDNM |
||
| 041 | _aeng | ||
| 080 | _a12F7 | ||
| 100 | _aGraglia,G. | ||
| 245 | _aDictionary of the Italian and English Languages | ||
| 260 |
_bG.Bohn _aLondon _c1854 |
||
| 300 | _bXXXI,274p., 15 cm | ||
| 942 | _cBK | ||
| 999 |
_c81359 _d81359 |
||